Visualizzazione normale
Vista MARC
- Ejzenstejn Sergej Michailovic
di Personal Name
Records bibliografici associati: 1
001 - CONTROL NUMBER
- control field: 47006
003 - CONTROL NUMBER IDENTIFIER
- control field: IT-RoPau
005 - DATE AND TIME OF LATEST TRANSACTION
- control field: 20151130221702.0
008 - FIXED-LENGTH DATA ELEMENTS
- fixed length control field: 151130|| aca||aabn | a|a d
040 ## - CATALOGING SOURCE
- Original cataloging agency: IT-RoPau
- Transcribing agency: IT-RoPau
100 ## - HEADING--PERSONAL NAME
- Personal name: Ejzenstejn Sergej Michailovic
- Relator term: (soggetto)
- Miscellaneous information: Codice Soggetto SPICS: 6988
670 ## - SOURCE DATA FOUND
- Source citation: Work cat.: (IT-RoPau)106461: Ejzenstejn Sergej Michailovic Codice regista SPICS: 6988 47002, ALEKSANDER NEVSKI ALEKSANDER NEVSKI (Rif. Codice opera principale : 21518)